Biblioteca y Centro de Documentación

China unbound (Registro nro. 52492)

Detalles MARC
000 -CABECERA
Longitud fija campo de control 02293nam a2200313.c 4500
001 - NÚMERO DE CONTROL
Número de control 52492
003 - IDENTIFICADOR DE NÚMERO DE CONTROL
Identificador del número de control ES-MaCES
005 - FECHA Y HORA DE LA ÚLTIMA TRANSACCIÓN
Fecha y hora de la última transacción 20250203134034.0
008 - CAMPO FIJO DE DESCRIPCIÓN FIJA--INFORMACIÓN GENERAL
Códigos de información de longitud fija   221018s uk ||||| |||||||||||eng|d
020 ## - ISBN (INTERNATIONAL STANDARD BOOK NUMBER)
Número Internacional Normalizado para Libros (ISBN) 9781787386440
040 ## - FUENTE DE CATALOGACIÓN
Centro catalogador de origen ES-MaCES
Lengua de catalogación spa
Centro transcriptor ES-MaCES
100 1# - ENCABEZAMIENTO PRINCIPAL--NOMBRE PERSONAL
9 (RLIN) 40521
Nombre de persona Chiu, Joanna
245 10 - MENCIÓN DE TÍTULO
Título China unbound
Resto del título : a new world disorder
Mención de responsabilidad, etc. Joanna Chiu
260 ## - PUBLICACIÓN, DISTRIBUCIÓN, ETC (PIE DE IMPRENTA)
Lugar de publicación, distribución, etc. London
Nombre del editor, distribuidor, etc. Hurst & Co.
Fecha de publicación, distribución, etc. 2021
300 ## - DESCRIPCIÓN FÍSICA
Extensión 369 p.
Otras características físicas 22 cm
500 ## - NOTA GENERAL
Nota general Índices
520 3# - RESUMEN, ETC.
Sumario, etc, Como la segunda economía más grande del mundo, China está extendiendo su influencia por todo el mundo con la complicidad de las naciones democráticas. Joanna Chiu ha pasado una década rastreando el ascenso propulsor de China, desde los aspectos políticos del proyecto de inversión global multimillonario "Nueva Ruta de la Seda" hasta una creciente influencia en países extranjeros e instituciones multilaterales a través de los esfuerzos del "Frente Unido". Durante demasiado tiempo, las sociedades occidentales han manejado mal o simplemente han ignorado las acciones de Beijing por puro interés propio. Décadas de malas interpretaciones deliberadas se han convertido con el tiempo en complicidad con la diplomacia tóxica, los abusos de los derechos humanos y la interferencia extranjera que se ven en China hoy en día, argumenta Chiu. Los capítulos cautivadores transportan a los lectores a un lago congelado en Rusia, protestas en Hong Kong, iglesias subterráneas en Beijing y comunidades uigures en el exilio en Turquía, exponiendo la vigilancia de alta tecnología y las medidas agresivas de Beijing que resultan en violaciones de derechos humanos contra quienes desafían su poder. El nuevo desorden mundial documentado en 'China Unbound' expone las perturbadoras implicaciones para la estabilidad global, la prosperidad y los derechos civiles en todas partes.<br/>
650 #4 - ASIENTO SECUNDARIO DE MATERIA--TÉRMINO DE MATERIA
9 (RLIN) 26909
Término de materia o nombre geográfico como elemento inicial China
650 #4 - ASIENTO SECUNDARIO DE MATERIA--TÉRMINO DE MATERIA
9 (RLIN) 29223
Término de materia o nombre geográfico como elemento inicial nuevo orden económico internacional
650 #4 - ASIENTO SECUNDARIO DE MATERIA--TÉRMINO DE MATERIA
9 (RLIN) 26675
Término de materia o nombre geográfico como elemento inicial relaciones internacionales
650 #4 - ASIENTO SECUNDARIO DE MATERIA--TÉRMINO DE MATERIA
9 (RLIN) 26687
Término de materia o nombre geográfico como elemento inicial política exterior
650 #4 - ASIENTO SECUNDARIO DE MATERIA--TÉRMINO DE MATERIA
9 (RLIN) 27171
Término de materia o nombre geográfico como elemento inicial derechos humanos
650 #4 - ASIENTO SECUNDARIO DE MATERIA--TÉRMINO DE MATERIA
9 (RLIN) 29923
Término de materia o nombre geográfico como elemento inicial violación
650 #4 - ASIENTO SECUNDARIO DE MATERIA--TÉRMINO DE MATERIA
9 (RLIN) 27200
Término de materia o nombre geográfico como elemento inicial poder político
650 #4 - ASIENTO SECUNDARIO DE MATERIA--TÉRMINO DE MATERIA
9 (RLIN) 28776
Término de materia o nombre geográfico como elemento inicial geografía política
653 10 - TÉRMINO DE INDEXACIÓN--NO CONTROLADO
Término no controlado Ciencias Sociales-Políticas
902 ## - CES. TIPO DE DOCUMENTO
Tipodoc (006$c Sirtex) LIB Libro
942 ## - ELEMENTOS KOHA
Fuente de clasificaión o esquema Clasificación propia del CES
Koha [por defecto] tipo de item Monografías
Parte de clasificación Ciencias Sociales Politicas Empresariale
Existencias
Número de registro Signatura completa Tipo de item de Koha
092828 SG-7.0.-649 Monografías
© CES, Consejo Económico y Social de España 2021